000 00483nmm a2200169Ia 4500
008 251105s9999||||xx |||||||||||||||||und||
020 _a9788498166002
041 _aspa
100 _aQuevedo y Villegas, Francisco de
245 0 _aGracias y desgracias del ojo del culo
264 _a[Madrid, España] :
_bLinkgua,
_c2016
300 _a32 páginas
490 _aHistoria
650 _aSpanish narrative
856 _uhttps://public.digitaliapublishing.com/a/16313
942 _cCF
999 _c91313
_d91313